[Event "EU-ch Hybrid U10"]
[Site "Tornelo INT"]
[Date "2021.10.15"]
[Round "3"]
[White "Tsolov, Aleksandar"]
[Black "Dmitrenko, Ignat"]
[Result "0-1"]
[WhiteElo "1441"]
[BlackElo "1278"]
[PlyCount "94"]
[EventDate "2021.10.15"]
[EventType "swiss"]
[EventRounds "9"]
[EventCountry "NET"]
[SourceTitle "EXT 2023"]
[Source "ChessBase"]
[SourceDate "2022.10.05"]
[SourceVersion "1"]
[SourceVersionDate "2022.10.05"]
[SourceQuality "1"]
[WhiteTeam "Bulgaria"]
[BlackTeam "Russia"]
[WhiteTeamCountry "BUL"]
[BlackTeamCountry "RUS"]

1. e4 c6 2. d4 d5 3. Nc3 dxe4 4. Nxe4 Bf5 5. Ng3 Bg6 6. h4 h6 7. h5 Bh7 8. Nf3 Nd7 9. Bd3 Bxd3 10. Qxd3 e6 11. Bf4 Ngf6 12. c3 Be7 13. Ne4 Nxe4 14. Qxe4 Nf6 15. Qd3 Qb6 16. 0-0-0 0-0-0 17. Ne5 Rhf8 18. f3 Nd7 19. Nc4 Qa6 20. Kb1 Nb6 21. Nxb6+ Qxb6 22. Qe2 Qa5 23. g4 Bd6 24. Bxd6 Rxd6 25. Rhe1 Rd5 26. Rd3 Qc7 27. Re3 Qg3 28. a3 Rfd8 29. Rf1 c5 30. dxc5 Rd2 31. Qe1 Qh2 32. Qc1 Rg2 33. c4 Rdd2 34. Rb3 Rc2 35. Qd1 Rgd2 36. Rh1 Rxd1+ 37. Rxd1 Rxc4 38. Rbd3 Rc2 39. Rd8+ Kc7 40. R8d7+ Kc6 41. R1d6+ Kxc5 42. b4+ Kb5 43. Rxb7+ Ka4 44. Rxa7+ Kb3 45. Rd3+ Rc3 46. Rxc3+ Kxc3 47. Rc7+ Kb3 0-1

[Event "EU Union-ch U10"]
[Site "Kouty nad Desnou"]
[Date "2021.08.15"]
[Round "2.7"]
[White "Tsolov, Aleksandar"]
[Black "Bara, Jan"]
[Result "1/2-1/2"]
[WhiteElo "1425"]
[BlackElo "1449"]
[PlyCount "47"]
[EventDate "2021.08.14"]
[EventType "swiss"]
[EventRounds "9"]
[EventCountry "CZE"]
[SourceTitle "EXT 2022"]
[Source "ChessBase"]
[SourceDate "2021.10.06"]
[SourceVersion "1"]
[SourceVersionDate "2021.10.06"]
[SourceQuality "1"]

1. e4 c5 2. Nf3 Nc6 3. d4 cxd4 4. Nxd4 g6 5. Be3 Nf6 6. Nc3 Bg7 7. Be2 d6 8. a3 0-0 9. 0-0 Nxd4 10. Bxd4 b6 11. Qd2 Bb7 12. Bf3 e6 13. Rad1 e5 14. Be3 Ne8 15. Rfe1 Qd7 16. g3 Rd8 17. Bg2 Nc7 18. Qd3 Ba6 19. Qd2 Nb5 20. Nxb5 Bxb5 21. Bf1 Bxf1 22. Rxf1 f5 23. Qd5+ Kh8 24. exf5 1/2-1/2